|
|
|
|
| LEADER |
01455nam a22003014a 4500 |
| 001 |
240 |
| 003 |
BD-DhAAL |
| 005 |
20150311120838.0 |
| 008 |
150311s1993 nyubk 000 0 eng |
| 010 |
|
|
|a 93040613
|
| 020 |
|
|
|a 0070269068 (acidfree paper)
|
| 040 |
|
|
|a DLC
|c DLC
|d DLC
|d BD-DhAAL
|
| 050 |
0 |
0 |
|a KF3958
|b .H368 1993
|
| 082 |
0 |
0 |
|a 344.73/04622
|a 347.3044622
|2 20
|
| 100 |
1 |
|
|a Harris, Christopher,
|d 1951-
|9 9391
|
| 245 |
1 |
0 |
|a Hazardous chemicals and the right to know :
|b an updated guide to compliance with SARA Title III /
|c Christopher Harris, Scott A. Harvey.
|
| 260 |
|
|
|a New York :
|b McGraw Hill :
|b Executive Enterprises Publications Co.,
|c 1993.
|
| 300 |
|
|
|a 1 v. (various pagings) :
|b 1 map, forms ;
|c 29 cm.
|
| 541 |
|
|
|e 240
|
| 650 |
|
0 |
|a Hazardous substances
|x Law and legislation
|z United States.
|9 9392
|
| 650 |
|
0 |
|a Chemicals
|x Law and legislation
|z United States.
|9 9393
|
| 650 |
|
0 |
|a Industrial safety
|x Law and legislation
|z United States.
|9 9394
|
| 650 |
|
0 |
|a Freedom of information
|z United States.
|9 9395
|
| 700 |
1 |
|
|a Harvey, Scott.
|9 9396
|
| 942 |
|
|
|2 ddc
|c BK
|
| 999 |
|
|
|c 33972
|d 33972
|
| 952 |
|
|
|0 0
|1 0
|2 ddc
|4 0
|6 344_730462200000000_HAR
|7 0
|9 53019
|a SCL
|b SCL
|c GEN
|d 2015-03-11
|e Gift: The Asia Foundation
|l 0
|o 344.7304622 HAR
|p 3020000240
|r 2015-03-11
|t 1
|w 2015-03-11
|y BK
|
| 952 |
|
|
|0 0
|1 0
|2 ddc
|4 0
|6 344_730462200000000_HAR
|7 0
|9 53054
|a SCL
|b SCL
|c GEN
|d 2015-03-12
|e Gift: The Asia Foundation
|l 0
|o 344.7304622 HAR
|p 3020000241
|r 2015-03-12
|t 2
|w 2015-03-12
|y BK
|